000 00334nam a2200133Ia 4500
005 20260328104332.0
008 260328s9999||||xx |||||||||||||| ||und||
100 _aKrafft, Anthony
245 0 _aArchitecture, Formes, Fonctions /
_cAnthony Krafft
260 _bAnnes
300 _a200 p.
650 _aARQUITECTURA CIVIL
942 _cBK
999 _c11741
_d11741